000 00371nam a22001457a 4500
005 20200606131651.0
008 200606b xxu||||| |||| 00| 0 eng d
082 _a345.4
110 _aA.I.R
_95791
245 _aALL INDIA REPORTER 1997 (V-84) BOMBAY SECTION
260 _aMUMBAI
_bALL INDIA REPORTER PVT. LTD.
300 _a4000
650 _aLAW
_95701
942 _cJRL
999 _c6860
_d6858